Statistics for US States Visited By FlabberBapper

Click here to take the quiz!

General Stats

  • This quiz has been taken 31 times
    (15 since last reset)
  • The average score is 16 of 18

Answer Stats

WhereState% Correct
Grand Canyon National ParkArizona
100%
Basically EverywhereCalifornia
100%
Carson City, Reno, Las VegasNevada
100%
New York CityNew York
100%
Zion, Salt Lake City, Golden SpikeUtah
100%
Arlington Cemetery, PentagonVirginia
100%
Yellowstone, Devils TowerWyoming
100%
Little Bighorn BattlefieldMontana
92%
Mt. Rushmore, Crazy HorseSouth Dakota
92%
Drove ThroughMaryland
85%
Drove Through, HotelNew Jersey
85%
Crater LakeOregon
85%
Too Young To RememberAlabama
77%
Drove ThroughIdaho
77%
Too Young To RememberTennessee
77%
Harpers FerryWest Virginia
77%
Rest StopDelaware
69%
Too Young To RememberGeorgia
69%

Score Distribution

Percentile by Number Answered

Percent of People with Each Score

Your Score History

You have not taken this quiz since the last reset